Fr. Conceicao Rodrigues College of Engineering

Cloud computing:Insights in to new era infrastructure (Record no. 26834)

MARC details
000 -LEADER
fixed length control field 00301nam a2200133Ia 4500
100 ## - MAIN ENTRY--PERSONAL NAME
Personal name Saurabh/Kumar
245 ## - TITLE STATEMENT
Title Cloud computing:Insights in to new era infrastructure
260 ## - PUBLICATION, DISTRIBUTION, ETC.
Name of publisher, distributor, etc. Wiley India
Date of publication, distribution, etc. 2011
366 ## - TRADE AVAILABILITY INFORMATION
Publishers's discount category 20
300 ## - PHYSICAL DESCRIPTION
Extent 208
546 ## - LANGUAGE NOTE
Language note ENGLISH
-- Computers
942 ## - ADDED ENTRY ELEMENTS (KOHA)
Koha item type BOOK
Holdings
Withdrawn status Lost status Damaged status Not for loan Collection Home library Current library Date acquired Source of acquisition Cost, normal purchase price Inventory number Total Checkouts Full call number Barcode Date last seen Cost, replacement price Price effective from Koha item type
        CRC Fr. Agnel's C.Rodrigues College of Engineering Fr. Agnel's C.Rodrigues College of Engineering 17/03/2023 Vakratund Book House 303.20 3440 dt 20/03/2012   21947 17/03/2023 379.00   BOOK